| 000 | 00388nam a2200157Ia 4500 | ||
|---|---|---|---|
| 008 | 240729s9999 xx 000 0 und d | ||
| 022 | _a1471-2415 | ||
| 245 | 0 | _aBMC Ophthalmology | |
| 260 | _aUnited Kingdom | ||
| 260 | _bBMC | ||
| 650 | _a Ophthalmology | ||
| 650 | _aMedicine | ||
| 856 | _uhttps://doaj.org/toc/8233473f88414b339b6a9de5be6cbd21 | ||
| 942 | _2ddc | ||
| 942 | _cDOAJEJ | ||
| 999 |
_c74464 _d74464 |
||
| 945 |
_a1 _bMadushi Gamage _c1 _dMadushi Gamage |
||